Normal view
MARC view
- البنبي، حمدي
Entry Personal Name
001 - CONTROL NUMBER
- control field: 36825
003 - CONTROL NUMBER IDENTIFIER
- control field: JO-AjAnu
005 - DATE AND TIME OF LATEST TRANSACTION
- control field: 20230606080139.0
008 - FIXED-LENGTH DATA ELEMENTS
- fixed length control field: 230606|| aca||aabn | a|a d
040 ## - CATALOGING SOURCE
- Original cataloging agency: JO-AjAnu
- Transcribing agency: JO-AjAnu
100 ## - HEADING--PERSONAL NAME
- Personal name: البنبي، حمدي
670 ## - SOURCE DATA FOUND
- Source citation: Work cat.: (JO-AjAnu)18902: البنبي، حمدي, author, البترول بين النظرية والتطبيق